[Event "World Rapid Women 2025"]
[Site "Doha QAT"]
[Date "2025.12.26"]
[Round "2.58"]
[White "Parnali, S Dharia"]
[Black "Kaliakhmet, Elnaz"]
[Result "0-1"]
[WhiteTitle "WIM"]
[BlackTitle "WIM"]
[WhiteElo "2150"]
[BlackElo "2329"]
[WhiteFideId "5043131"]
[BlackFideId "13730169"]
[EventDate "2025.12.26"]

1. d4 d5 2. c4 e6 3. Nf3 a6 4. Qc2 dxc4 5. Qxc4 b5 6. Qc2 Bb7 7. Bf4 Nc6 8. Nc3
Nxd4 9. Nxd4 Qxd4 10. e3 Qc5 11. Rc1 Nf6 12. a3 Be7 13. b4 Qb6 14. Be5 O-O 15.
Bd3 h6 16. O-O Rac8 17. Bxf6 Bxf6 18. Ne4 Be7 19. Nc5 Bxc5 20. bxc5 Qc6 21. f3
Ba8 22. Rfd1 Qe8 23. c6 Qe7 24. a4 Rb8 25. axb5 axb5 26. Bh7+ Kh8 27. Rd7 Qa3
28. Bd3 Qa7 29. Kf2 b4 30. Qb2 Qb6 31. Be4 b3 32. Rc4 Rbd8 33. Qa3 Rb8 34. Qb2
Qa6 35. Rc1 Qa5 36. Ra1 Qb6 37. Rc1 Rbd8 38. Qa3 Rb8 39. Qb2 Rbd8 40. Qa3 b2 41.
Rb1 Bxc6 42. Rxb2 Qxb2+ 43. Qxb2 Bxd7 44. Qb7 Rc8 45. g4 Rfd8 46. Bc6 Rb8 47.
Qxc7 Rbc8 48. Qf4 Bxc6 49. Qxf7 Bd5 50. e4 Rf8 51. Qd7 Bxe4 52. Ke3 Bxf3 53. g5
hxg5 54. Qe7 g4 55. Qh4+ Kg8 56. Qg5 Rf6 57. Qa5 Rcf8 58. Qb4 Bd5 59. Qd6 Rf4
60. Qe7 Re4+ 61. Kd3 Ra4 62. Kc2 Ra2+ 63. Kc3 Rxh2 64. Qg5 g3 65. Kd4 0-1

[Event "World Rapid Women 2025"]
[Site "Doha QAT"]
[Date "2025.12.26"]
[Round "2.59"]
[White "Lyutsinger, Iren"]
[Black "Jimenez Fernandez, Rebeca"]
[Result "1-0"]
[WhiteTitle "FM"]
[BlackTitle "WFM"]
[WhiteElo "2169"]
[BlackElo "2137"]
[WhiteFideId "34425969"]
[BlackFideId "32070934"]
[EventDate "2025.12.26"]

1. e4 c5 2. Nf3 Nc6 3. Bb5 g6 4. c3 Bg7 5. d4 cxd4 6. cxd4 d5 7. e5 Bg4 8. O-O
Qb6 9. Nc3 e6 10. Bxc6+ Qxc6 11. Bg5 h6 12. Be3 Ne7 13. Rc1 Qd7 14. h3 Bxf3 15.
Qxf3 O-O 16. Qe2 Rac8 17. Nb5 a6 18. Nd6 Rxc1 19. Rxc1 Nc8 20. Bf4 Nxd6 21. exd6
Rc8 22. Rc7 Rxc7 23. dxc7 Bxd4 24. Qc2 Qc8 25. Bd6 Bg7 26. Qc5 d4 27. Qa7 Bf8
28. Qb8 1-0

[Event "World Rapid Women 2025"]
[Site "Doha QAT"]
[Date "2025.12.26"]
[Round "2.60"]
[White "Miranda Rodriguez, Tania"]
[Black "Gu, Xiaobing"]
[Result "0-1"]
[WhiteTitle "WIM"]
[BlackTitle "WGM"]
[WhiteElo "2051"]
[BlackElo "2106"]
[WhiteFideId "3510417"]
[BlackFideId "8602611"]
[EventDate "2025.12.26"]

1. e4 c5 2. Nf3 d6 3. d4 cxd4 4. Nxd4 Nf6 5. Nc3 a6 6. Bc4 e6 7. Bb3 Nbd7 8. f4
Nc5 9. Qf3 Be7 10. f5 O-O 11. Be3 Bd7 12. g4 e5 13. Nde2 Bc6 14. Ng3 Nxb3 15.
axb3 d5 16. O-O-O Nxe4 17. Nxd5 Bxd5 18. Nxe4 Kh8 19. c4 Bxe4 20. Qxe4 Qc7 21.
Rd5 f6 22. h4 a5 23. Rb5 Rab8 24. Bb6 Qc6 25. Re1 Bb4 26. Re2 Qd6 27. Bxa5 Bxa5
28. Rxa5 Rfd8 29. Rd5 Qb6 30. Kc2 h6 31. g5 Rxd5 32. Qxd5 Rd8 33. Qf3 Qd4 34.
Rh2 e4 35. Qe2 e3 36. gxh6 Qe4+ 37. Kc1 Ra8 38. hxg7+ Kg8 0-1

[Event "World Rapid Women 2025"]
[Site "Doha QAT"]
[Date "2025.12.26"]
[Round "2.61"]
[White "Mamedjarova, Zeinab"]
[Black "Zvereva, Marija"]
[Result "1-0"]
[WhiteTitle "WGM"]
[BlackTitle "WIM"]
[WhiteElo "2155"]
[BlackElo "2007"]
[WhiteFideId "13401521"]
[BlackFideId "4121082"]
[EventDate "2025.12.26"]

1. d4 Nf6 2. Nf3 d6 3. c4 Nbd7 4. e3 g6 5. Be2 Bg7 6. O-O O-O 7. Nc3 e5 8. dxe5
dxe5 9. Qc2 c6 10. b3 Qa5 11. Bb2 Re8 12. Rfd1 Nc5 13. Nh4 e4 14. a3 Qc7 15. b4
Ncd7 16. Rd4 Qe5 17. g3 g5 18. Ng2 Nf8 19. Rad1 Bf5 20. c5 h5 21. h4 Ne6 22. Rd6
Nd5 23. Na4 Nd4 24. Bxd4 Qe7 25. Bxg7 Kxg7 26. Nc3 Nc7 27. Bxh5 Rh8 28. Qe2 g4
29. Bxg4 Bg6 30. h5 Bxh5 31. Bxh5 Qe5 32. Qg4+ 1-0

[Event "World Rapid Women 2025"]
[Site "Doha QAT"]
[Date "2025.12.26"]
[Round "2.62"]
[White "Charvi A"]
[Black "Bayasgalan, Khishigbaatar"]
[Result "0-1"]
[WhiteTitle "WFM"]
[BlackTitle "WCM"]
[WhiteElo "2270"]
[BlackElo "2249"]
[WhiteFideId "25165518"]
[BlackFideId "4904311"]
[EventDate "2025.12.26"]

1. e4 c5 2. Nf3 d6 3. d4 cxd4 4. Nxd4 Nf6 5. Nc3 a6 6. f3 e5 7. Nb3 Be6 8. Be3
Nbd7 9. Qd2 Qc7 10. g4 h6 11. O-O-O Be7 12. h4 b5 13. Kb1 Nb6 14. Bxb6 Qxb6 15.
Be2 Rc8 16. f4 b4 17. Nd5 Bxd5 18. exd5 Ne4 19. Qe1 Nf2 20. Bxa6 Rd8 21. Bb5+
Kf8 22. Qxb4 Nxh1 23. Rxh1 exf4 24. Rf1 g5 25. a4 Bf6 26. a5 Qa7 27. Re1 Kg7 28.
Nd2 Rb8 29. Ne4 Be5 30. c4 f3 31. Nxd6 Bxd6 32. Qxd6 Qd4 33. Qe5+ Qxe5 34. Rxe5
f5 35. Rxf5 Rhf8 36. Rxf8 Kxf8 37. Ba6 Ra8 38. Bb5 Rxa5 0-1

[Event "World Rapid Women 2025"]
[Site "Doha QAT"]
[Date "2025.12.26"]
[Round "2.63"]
[White "Nandhidhaa, P V"]
[Black "Fawaz, Nadia"]
[Result "1-0"]
[WhiteTitle "WGM"]
[BlackTitle "WFM"]
[WhiteElo "2257"]
[BlackElo "1957"]
[WhiteFideId "5050847"]
[BlackFideId "5309743"]
[EventDate "2025.12.26"]

1. e4 c5 2. Nc3 e6 3. Nf3 a6 4. d4 cxd4 5. Nxd4 Nc6 6. g3 Nf6 7. Bg2 Bb4 8. O-O
O-O 9. Nxc6 bxc6 10. e5 Nd5 11. Nxd5 exd5 12. Qg4 Qe7 13. Bh6 f5 14. exf6 Qxf6
15. Bxg7 Qxg7 16. Qxb4 a5 17. Qb3 Ba6 18. Rfb1 Rab8 19. Qc3 Qxc3 20. bxc3 Kf7
21. Bf1 Bxf1 22. Kxf1 Ke6 23. Rb3 a4 24. Rb4 Rxb4 25. cxb4 Rf3 26. Re1+ Kd6 27.
Re3 Rxe3 28. fxe3 c5 29. c3 cxb4 30. cxb4 a3 31. Ke2 Kc6 32. Kd3 Kb5 33. Kc3 d6
34. g4 d4+ 35. Kxd4 Kxb4 36. h4 1-0

[Event "World Rapid Women 2025"]
[Site "Doha QAT"]
[Date "2025.12.26"]
[Round "2.64"]
[White "Lesbekova, Assel"]
[Black "Gong, Qianyun"]
[Result "0-1"]
[WhiteTitle "WCM"]
[BlackTitle "WGM"]
[WhiteElo "1948"]
[BlackElo "2228"]
[WhiteFideId "13713248"]
[BlackFideId "8602425"]
[EventDate "2025.12.26"]

1. d4 Nf6 2. Bf4 e6 3. Nd2 d5 4. Ngf3 Bd6 5. Ne5 O-O 6. e3 c5 7. c3 Qc7 8. Bg3
Nbd7 9. f4 Ne4 10. Nxe4 dxe4 11. Nc4 cxd4 12. Qxd4 Bc5 13. Qxe4 Nf6 14. Qf3 b5
15. f5 Qe7 16. Ne5 Bb7 17. Qe2 exf5 18. O-O-O Rad8 19. Re1 b4 20. c4 Be4 21. h3
Bd6 0-1

[Event "World Rapid Women 2025"]
[Site "Doha QAT"]
[Date "2025.12.26"]
[Round "2.65"]
[White "Mamedjarova, Turkan"]
[Black "Sawan, Eman"]
[Result "1-0"]
[WhiteTitle "WGM"]
[BlackTitle "WFM"]
[WhiteElo "2216"]
[BlackElo "1960"]
[WhiteFideId "13402005"]
[BlackFideId "11511729"]
[EventDate "2025.12.26"]

1. d4 Nf6 2. Nf3 g6 3. Bf4 Bg7 4. e3 O-O 5. Bc4 d6 6. h3 Nbd7 7. O-O Re8 8.
Bxf7+ Kh8 9. Bxe8 Qxe8 10. c4 b6 11. Nc3 Bb7 12. d5 a6 13. Nd4 Nf8 14. Bh2 e5
15. Nde2 g5 16. Ng3 Bc8 17. Nce4 Nxe4 18. Nxe4 Qg6 19. f3 h5 20. Ng3 Nh7 21. Qb1
Qf7 22. Qc2 h4 23. Ne4 Bf5 24. Rac1 Qg6 25. b4 Nf6 26. Qd1 Nxe4 27. fxe4 Bxe4
28. c5 bxc5 29. bxc5 Bd3 30. Rf2 Bf5 31. Qf1 Bd3 32. Qd1 Bf5 33. Qf3 Rf8 34. Qe2
Kh7 35. Qd2 Rg8 36. Rcf1 Bd3 37. Rd1 Bf5 38. Rdf1 Bd3 39. Rc1 Bf5 40. Qa5 g4 41.
hxg4 Qxg4 42. Qxc7 dxc5 43. Bxe5 Qe4 44. Bxg7 Rxg7 45. Qf4 Bg6 46. Rc4 Qxd5 47.
Qxh4+ Kg8 48. Rcf4 Bf7 49. Rf6 Qd1+ 50. Kh2 Rh7 51. Rh6 Qd6+ 52. Rxd6 Rxh4+ 53.
Kg3 Ra4 54. Rd8+ 1-0

[Event "World Rapid Women 2025"]
[Site "Doha QAT"]
[Date "2025.12.26"]
[Round "2.66"]
[White "Li, Xueyi"]
[Black "Skaslien, Ingrid"]
[Result "1-0"]
[WhiteTitle "WGM"]
[WhiteElo "2202"]
[BlackElo "2029"]
[WhiteFideId "8605912"]
[BlackFideId "1520660"]
[EventDate "2025.12.26"]

1. d4 Nf6 2. c4 e6 3. Nf3 d5 4. g3 Bb4+ 5. Bd2 a5 6. Qc2 O-O 7. Bg2 c5 8. cxd5
cxd4 9. a3 Bxd2+ 10. Qxd2 Nxd5 11. O-O Nd7 12. Qxd4 b5 13. e4 N5f6 14. Nc3 Rb8
15. e5 Ne8 16. Rfd1 Qe7 17. b4 a4 18. h4 Nc7 19. Ng5 h6 20. Nge4 Nb6 21. Qd6 Re8
22. Qxe7 Rxe7 23. Rd8+ Kh7 24. Nd6 Rd7 25. Rf8 g6 26. Ne8 Nxe8 27. Rxe8 Nc4 28.
Ne4 Nxe5 29. Nf6+ Kg7 30. Nxd7 Nxd7 31. Rc1 Ba6 32. Rxb8 Nxb8 33. Rc7 Kf6 34.
Bb7 Bxb7 35. Rxb7 Nc6 36. Rxb5 Ke7 37. Rb7+ Kd6 38. Rxf7 Kd5 39. b5 Ne5 40. Rc7
Kd6 41. Rc1 Nd7 42. Rc4 Nc5 43. b6 1-0

[Event "World Rapid Women 2025"]
[Site "Doha QAT"]
[Date "2025.12.26"]
[Round "2.67"]
[White "Alotaibi, Maitha Abdulrahman A"]
[Black "Sharma, Isha"]
[Result "0-1"]
[BlackTitle "WIM"]
[WhiteElo "1600"]
[BlackElo "2245"]
[WhiteFideId "21524009"]
[BlackFideId "35006665"]
[EventDate "2025.12.26"]

1. d4 Nf6 2. c4 e6 3. Nc3 Bb4 4. a3 Bxc3+ 5. bxc3 O-O 6. Bg5 h6 7. Bxf6 Qxf6 8.
Nf3 c5 9. e3 Nc6 10. Be2 d6 11. O-O e5 12. d5 Ne7 13. e4 Ng6 14. Qd2 Nf4 15. Kh1
Qg6 16. Nh4 Qxe4 17. Bf3 Qxc4 18. g3 Ng6 19. Rg1 Nxh4 20. gxh4 Qxh4 21. Rg3 Qf4
22. Qe2 Bf5 23. Rag1 g6 24. Bg4 Qe4+ 25. Qxe4 Bxe4+ 26. Bf3 Bxf3+ 27. Rxf3 Kg7
28. c4 f5 29. Rb3 b6 30. a4 Rab8 31. h4 f4 32. h5 g5 33. Kh2 Kf6 34. Kh3 Kf5 35.
f3 Rfe8 36. Re1 e4 37. Rc3 exf3 38. Rxe8 Rxe8 39. Rxf3 g4+ 40. Kh4 gxf3 41. Kh3
Ke5 0-1

[Event "World Rapid Women 2025"]
[Site "Doha QAT"]
[Date "2025.12.26"]
[Round "2.68"]
[White "Yakimova, Mariya"]
[Black "Echcharbiny, Wissal"]
[Result "1-0"]
[WhiteTitle "WFM"]
[WhiteElo "2241"]
[BlackElo "1726"]
[WhiteFideId "34188859"]
[BlackFideId "9014853"]
[EventDate "2025.12.26"]

1. d4 d5 2. Nf3 Nf6 3. Bf4 c5 4. e3 Nc6 5. Nbd2 Bf5 6. dxc5 e6 7. Nd4 Bg6 8. Bb5
Rc8 9. b4 Be7 10. Nxc6 bxc6 11. Ba6 O-O 12. Bxc8 Qxc8 13. O-O Rd8 14. Nb3 Ne4
15. Be5 Qd7 16. Qe2 Qc8 17. Rfd1 Bf6 18. Bxf6 Nxf6 19. c4 Ne4 20. Rac1 h6 21.
cxd5 exd5 22. a4 a6 23. Nd4 Qb7 24. b5 axb5 25. axb5 cxb5 26. c6 Qb6 27. Qxb5
Qxb5 28. Nxb5 Bf5 29. c7 Rf8 30. Rxd5 1-0

[Event "World Rapid Women 2025"]
[Site "Doha QAT"]
[Date "2025.12.26"]
[Round "2.69"]
[White "Kurmangaliyeva, Liya"]
[Black "Alsemairi, Dalia"]
[Result "1-0"]
[WhiteTitle "FM"]
[BlackTitle "WCM"]
[WhiteElo "2339"]
[BlackElo "1802"]
[WhiteFideId "13725831"]
[BlackFideId "21511217"]
[EventDate "2025.12.26"]

1. Nf3 d5 2. g3 Nf6 3. Bg2 e6 4. O-O Be7 5. d3 O-O 6. Bf4 c5 7. e4 dxe4 8. dxe4
Nxe4 9. Qe2 Nf6 10. Rd1 Qb6 11. Na3 Nd5 12. Be5 Nd7 13. Nc4 Qd8 14. Bd6 Bxd6 15.
Nxd6 Qc7 16. Nb5 Qb6 17. c4 Ne7 18. Rd6 Qa5 19. a3 Nf5 20. Rdd1 Nf6 21. Qe5 Bd7
22. Nc3 Qb6 23. Ne4 Ng4 24. Qf4 h5 25. Rxd7 Qxb2 26. Rad1 Qc2 27. h3 Nd4 28.
R1xd4 cxd4 29. hxg4 hxg4 30. Qxg4 Qc1+ 31. Bf1 Qh6 32. Neg5 Rad8 33. Nxf7 Rxf7
34. Rxd8+ Rf8 35. Qxd4 1-0

[Event "World Rapid Women 2025"]
[Site "Doha QAT"]
[Date "2025.12.26"]
[Round "2.70"]
[White "Iudina, Veronika"]
[Black "Lau, Chloe Hailey"]
[Result "1-0"]
[WhiteTitle "WFM"]
[WhiteElo "2204"]
[BlackElo "1562"]
[WhiteFideId "24277916"]
[BlackFideId "6012469"]
[EventDate "2025.12.26"]

1. e4 c6 2. d4 d5 3. exd5 cxd5 4. c4 Nf6 5. Nc3 Nc6 6. Nf3 Bg4 7. Be3 e6 8. h3
Bxf3 9. Qxf3 Qb6 10. O-O-O Bb4 11. Nb5 Be7 12. c5 Qa5 13. Nc3 O-O 14. g4 Ne4 15.
Nxe4 dxe4 16. Qxe4 Qxa2 17. Bd3 g6 18. Bb1 Qa4 19. d5 Qxe4 20. Bxe4 exd5 21.
Bxd5 Rac8 22. Kb1 Rfd8 23. f4 Rc7 24. Bxc6 bxc6 25. Rxd8+ Bxd8 26. Rd1 Be7 27.
f5 Kf8 28. Bf4 Rb7 29. Bd6 Rd7 30. f6 Bxd6 31. cxd6 Ke8 32. Kc2 Kd8 33. Kc3 Rb7
34. Re1 Rd7 35. Re7 h6 36. Kc4 Rxd6 37. Rxf7 Ke8 38. Re7+ Kd8 39. Rxa7 Rxf6 40.
Rh7 g5 41. Kc5 Rg6 42. b4 Rf6 43. Kd4 Re6 44. Kd3 Ke8 45. Kc4 Kd8 46. Kc5 Rf6
47. Kb6 Rg6 48. Ra7 Rf6 49. Ra3 Ke7 50. Rc3 Kd7 51. Rd3+ Ke7 52. Kc7 Re6 53.
Rd7+ Kf6 54. Rd6 1-0

[Event "World Rapid Women 2025"]
[Site "Doha QAT"]
[Date "2025.12.26"]
[Round "3.1"]
[White "Tan, Zhongyi"]
[Black "Vaishali, Rameshbabu"]
[Result "0-1"]
[WhiteTitle "GM"]
[BlackTitle "GM"]
[WhiteElo "2524"]
[BlackElo "2473"]
[WhiteFideId "8603642"]
[BlackFideId "5091756"]
[EventDate "2025.12.26"]

1. e4 e5 2. Nf3 Nc6 3. Bb5 g6 4. O-O Bg7 5. c3 a6 6. Ba4 d6 7. d4 Bd7 8. Bg5 f6
9. Be3 Nh6 10. d5 Ne7 11. c4 O-O 12. Bxd7 Qxd7 13. Nc3 Nf7 14. c5 f5 15. cxd6
Nxd6 16. Ng5 fxe4 17. Bc5 Nef5 18. Ne6 Rfe8 19. Re1 c6 20. Bxd6 Qxd6 21. Nxe4
Qe7 22. dxc6 Qxe6 23. Ng5 Qc4 24. Rc1 Qxa2 25. cxb7 Rab8 26. Qd7 Qb3 27. Rc8 Nd6
28. Rxb8 Rxb8 29. Qxd6 Rxb7 30. Rc1 Rb8 31. Rc3 Bf8 32. Qxe5 Qd1+ 0-1

[Event "World Rapid Women 2025"]
[Site "Doha QAT"]
[Date "2025.12.26"]
[Round "3.2"]
[White "Garifullina, Leya"]
[Black "Goryachkina, Aleksandra"]
[Result "0-1"]
[WhiteTitle "IM"]
[BlackTitle "GM"]
[WhiteElo "2454"]
[BlackElo "2534"]
[WhiteFideId "34127035"]
[BlackFideId "4147103"]
[EventDate "2025.12.26"]

1. e4 e5 2. Nf3 Nc6 3. Bb5 a6 4. Ba4 Nf6 5. O-O Be7 6. Re1 b5 7. Bb3 O-O 8. a4
b4 9. a5 d6 10. c3 Rb8 11. d3 Be6 12. Bxe6 fxe6 13. Nbd2 bxc3 14. bxc3 Rb5 15.
d4 exd4 16. cxd4 h6 17. Qc2 Nb4 18. Qc3 Qd7 19. Ba3 Rfb8 20. Bxb4 Rxb4 21. e5
Nd5 22. Qd3 R4b5 23. exd6 cxd6 24. Qe4 Bf8 25. h3 Nc7 26. Qg4 Qf7 27. Ne4 Nd5
28. Nfd2 Rb4 29. Nf3 Nf4 30. Ned2 R4b5 31. Re4 Rf5 32. Rae1 Rf6 33. g3 Nd5 34.
Rxe6 Rxe6 35. Qxe6 Qxe6 36. Rxe6 Kf7 37. Re1 Rb5 38. Nc4 Nb4 39. Rc1 Be7 40. Kg2
Ke6 41. h4 Bf6 42. Rb1 Kd5 43. Ne3+ Kc6 44. Kh3 Nd5 45. Rc1+ Kd7 46. Nc4 Bd8 47.
Kg2 Ne7 48. Ra1 Nc6 49. Ra2 Rb4 50. Rc2 Nxa5 51. Nxa5 Bxa5 52. Ra2 Rb5 53. g4
Kc6 54. Kg3 Kd5 55. Kf4 Kc4 56. g5 Kb3 57. Re2 hxg5+ 58. hxg5 Rb7 59. g6 Bc3 60.
Re8 a5 61. Rf8 d5 62. Ne5 a4 63. Nc6 a3 64. Ke5 a2 65. Ra8 Rb6 66. Kxd5 a1=Q 67.
Rxa1 Bxa1 68. f4 Rxc6 69. Kxc6 Bxd4 70. Kd5 Bf6 0-1

[Event "World Rapid Women 2025"]
[Site "Doha QAT"]
[Date "2025.12.26"]
[Round "3.3"]
[White "Batsiashvili, Nino"]
[Black "Kosteniuk, Alexandra"]
[Result "1-0"]
[WhiteTitle "GM"]
[BlackTitle "GM"]
[WhiteElo "2462"]
[BlackElo "2483"]
[WhiteFideId "13602993"]
[BlackFideId "4128125"]
[EventDate "2025.12.26"]

1. d4 Nf6 2. c4 e6 3. Nc3 Bb4 4. Nf3 b6 5. e3 Bb7 6. Bd3 O-O 7. O-O c5 8. Na4
cxd4 9. exd4 Re8 10. a3 Bf8 11. Bg5 Bxf3 12. Qxf3 Nc6 13. Rad1 h6 14. Bxf6 Qxf6
15. Qxf6 gxf6 16. c5 Rab8 17. Bb5 Red8 18. b4 Ne7 19. Nc3 f5 20. Rd3 Bg7 21. Ba4
a5 22. bxa5 bxa5 23. Nb5 Nd5 24. g3 Kf8 25. Kg2 Bf6 26. Kf3 Rb7 27. Nd6 Rbb8 28.
Bb3 Ne7 29. Ba4 Nc6 30. Bxc6 dxc6 31. Ke3 a4 32. Rfd1 Bg5+ 33. f4 Be7 34. Nc4
Rd7 35. Nb6 Ra7 36. Rb1 Ke8 37. Rb4 Bd8 38. Nc4 Bc7 39. Rxb8+ Bxb8 40. Rd2 Bc7
41. Rb2 f6 42. Rb4 Kd7 43. Nb2 e5 44. Rxa4 Rb7 45. Rb4 Ra7 46. Nc4 Ke6 47. a4
Ba5 48. Rb3 Kd5 49. Nb6+ Ke6 50. dxe5 fxe5 51. fxe5 Kxe5 52. Rb1 Bc3 53. Kd3 Ba5
54. Rb2 f4 55. Re2+ Kf5 56. Rf2 Rb7 57. Rxf4+ Kg6 58. Kc2 Re7 59. Nc4 Bc7 60.
Rf2 Re1 61. a5 Kg5 62. Kb3 Rb1+ 63. Rb2 Rxb2+ 64. Kxb2 Kg4 65. a6 Bb8 66. Kb3
Kh3 67. Na5 Kxh2 68. Nxc6 1-0

[Event "World Rapid Women 2025"]
[Site "Doha QAT"]
[Date "2025.12.26"]
[Round "3.4"]
[White "Preobrazhenskaya, Diana"]
[Black "Dronavalli, Harika"]
[Result "0-1"]
[WhiteTitle "WFM"]
[BlackTitle "GM"]
[WhiteElo "2131"]
[BlackElo "2466"]
[WhiteFideId "34270566"]
[BlackFideId "5015197"]
[EventDate "2025.12.26"]

1. e4 e6 2. d4 d5 3. Nc3 Bb4 4. e5 c5 5. a3 Bxc3+ 6. bxc3 Nc6 7. Qg4 g6 8. Nf3
Bd7 9. a4 Qa5 10. Bd2 h6 11. Bd3 Nge7 12. h4 c4 13. Be2 O-O-O 14. Qf4 Rh7 15.
Rh3 Kb8 16. Kf1 Ka8 17. Nh2 Ng8 18. Ng4 Qc7 19. Rf3 Nce7 20. Qh2 Nf5 21. h5 g5
22. g3 Bc6 23. a5 Rc8 24. Bc1 Qd8 25. Kg2 Bb5 26. Qg1 Be8 27. Ba3 Rg7 28. Bc5
Bb5 29. Qb1 Qd7 30. Qb4 Rh7 31. Rb1 Ba6 32. Bf1 Qc7 33. Kg1 Qd7 34. Qa3 Rg7 35.
Bh3 Rh7 36. Nf6 Nxf6 37. exf6 Rhh8 38. Re1 Rhe8 39. Re5 Qb5 40. Bxf5 exf5 41.
Rfxf5 Qb1+ 42. Kg2 Qxc2 43. Be7 Bb5 44. Qb4 Qb3 45. Bc5 Bd7 46. Rf3 Rxe5 47.
dxe5 Qxb4 48. cxb4 d4 49. Bxd4 Bc6 50. g4 c3 51. Be3 c2 52. Bc1 Re8 53. Kg3 Bxf3
54. Kxf3 Rxe5 55. Bb2 Re1 56. b5 Rb1 0-1

[Event "World Rapid Women 2025"]
[Site "Doha QAT"]
[Date "2025.12.26"]
[Round "3.5"]
[White "Zhu, Jiner"]
[Black "Danielian, Elina"]
[Result "1-0"]
[WhiteTitle "GM"]
[BlackTitle "GM"]
[WhiteElo "2579"]
[BlackElo "2408"]
[WhiteFideId "8608059"]
[BlackFideId "13300210"]
[EventDate "2025.12.26"]

1. d4 d5 2. c4 dxc4 3. Nf3 Nf6 4. e3 e6 5. Bxc4 c5 6. O-O a6 7. e4 b5 8. Be2 Bb7
9. e5 Nfd7 10. Be3 cxd4 11. Qxd4 Nc6 12. Qf4 Be7 13. Qg3 g6 14. Bh6 Qc7 15. Nbd2
Rc8 16. a4 Bf8 17. Bxf8 Kxf8 18. axb5 axb5 19. Rac1 Kg7 20. Bxb5 Ndxe5 21. Ng5
Qe7 22. Nge4 Rhd8 23. f4 Nd7 24. f5 exf5 25. Nd6 Nd4 26. Rce1 Ne5 27. Nxc8 Qc5
28. Qxe5+ 1-0

[Event "World Rapid Women 2025"]
[Site "Doha QAT"]
[Date "2025.12.26"]
[Round "3.6"]
[White "Gunina, Valentina"]
[Black "Dzagnidze, Nana"]
[Result "0-1"]
[WhiteTitle "GM"]
[BlackTitle "GM"]
[WhiteElo "2393"]
[BlackElo "2469"]
[WhiteFideId "4167570"]
[BlackFideId "13601903"]
[EventDate "2025.12.26"]

1. e4 c5 2. Nf3 d6 3. Bb5+ Nd7 4. a4 Nf6 5. Nc3 g6 6. O-O Bg7 7. d3 O-O 8. a5 a6
9. Bc4 Nb8 10. e5 Ne8 11. Nd5 Nc6 12. Nb6 Rb8 13. Nxc8 Rxc8 14. e6 f5 15. Bd2 d5
16. Ba2 Nc7 17. Re1 Qd6 18. Ng5 Nd8 19. Qf3 f4 20. Rab1 Rf5 21. b4 Ndxe6 22.
Nxe6 Nxe6 23. bxc5 Nxc5 24. Rb6 Qd7 25. Bb4 Bf6 26. c3 Kg7 27. d4 Ne4 28. Bxd5
Ng5 29. Qd3 Qxd5 30. Bxe7 Nf7 31. h3 Rc7 32. Bxf6+ Rxf6 33. Re4 Rxb6 34. axb6
Rxc3 35. Qe2 f3 36. gxf3 Ng5 37. Re7+ Kh6 38. Qd2 Qxd4 39. Qxd4 Nxf3+ 40. Kg2
Nxd4 41. Rxb7 Rb3 42. Rd7 Nf5 43. b7 a5 44. Rd5 Rxb7 45. Rxa5 Kg5 46. Ra3 Rb5
47. Rc3 h5 48. Ra3 Nd4 49. Ra4 Ne6 50. h4+ Kf5 51. Kg3 Rd5 52. Ra7 Rd3+ 53. f3
Nd4 54. Ra5+ Kf6 55. Ra6+ Kg7 56. Kf4 Nxf3 57. Ke4 Rb3 58. Ra7+ Kh6 59. Ra4 Nxh4
60. Kf4 Rf3+ 61. Ke4 Rf8 62. Kd4 0-1

[Event "World Rapid Women 2025"]
[Site "Doha QAT"]
[Date "2025.12.26"]
[Round "3.7"]
[White "Muzychuk, Mariya"]
[Black "Zhapova, Yana"]
[Result "1/2-1/2"]
[WhiteTitle "GM"]
[BlackTitle "FM"]
[WhiteElo "2475"]
[BlackElo "2260"]
[WhiteFideId "14114550"]
[BlackFideId "24278670"]
[EventDate "2025.12.26"]

1. e4 e5 2. Nf3 Nc6 3. Bc4 Nf6 4. d4 exd4 5. O-O Nxe4 6. Re1 d5 7. Bxd5 Qxd5 8.
Nc3 Qh5 9. Nxe4 Be6 10. Bg5 Bd6 11. Nxd6+ cxd6 12. Bf4 O-O 13. Nxd4 Qxd1 14.
Raxd1 Nxd4 15. Rxd4 Rfc8 16. Rd2 Bxa2 17. b3 a5 18. Bxd6 a4 19. bxa4 Rxa4 20. c3
Be6 21. Bb4 Raa8 22. f3 Rd8 23. Red1 Rxd2 24. Rxd2 Ra1+ 25. Kf2 Ra2 26. Rxa2
Bxa2 27. Ke3 Bc4 28. g4 f6 29. h4 Kf7 30. h5 b5 31. Bc5 Bd5 32. Bb4 Bc4 33. Bc5 1/2-1/2

[Event "World Rapid Women 2025"]
[Site "Doha QAT"]
[Date "2025.12.26"]
[Round "3.8"]
[White "Stefanova, Antoaneta"]
[Black "Mikheeva, Galina"]
[Result "1-0"]
[WhiteTitle "GM"]
[BlackTitle "FM"]
[WhiteElo "2391"]
[BlackElo "2122"]
[WhiteFideId "2902257"]
[BlackFideId "44108320"]
[EventDate "2025.12.26"]

1. d4 d5 2. Nf3 Nf6 3. e3 e6 4. Bd3 c5 5. b3 Nc6 6. Bb2 b6 7. O-O Bb7 8. Nbd2
Bd6 9. Rc1 O-O 10. c4 Qe7 11. dxc5 bxc5 12. Qe2 Rfd8 13. e4 dxe4 14. Nxe4 Nxe4
15. Bxe4 a5 16. Rcd1 a4 17. Bb1 a3 18. Bc3 g6 19. h4 e5 20. Rfe1 Re8 21. Qd2
Rad8 22. Qh6 Qf8 23. Qxf8+ Kxf8 24. Be4 f6 25. Rd2 Ba8 26. Bxc6 Bxc6 27. Ba5 Rd7
28. Red1 Ke7 29. Bb6 Bxf3 30. gxf3 Rc8 31. Rd5 Ke6 32. Kf1 Rc6 33. Ba5 Ra7 34.
Bd2 Be7 35. Be3 Bd6 36. Ke2 Rac7 37. Bc1 Ra7 38. R1d3 Be7 39. f4 e4 40. Rd1 f5
41. Be3 Rac7 42. Rh1 h5 43. f3 exf3+ 44. Kxf3 Rd7 45. Rhd1 Rdd6 46. Bf2 Bf8 47.
Ke2 Rc8 48. Bxc5 Rxc5 49. Rxc5 Rxd1 50. Re5+ Kd7 51. Kxd1 Be7 52. Ra5 Bxh4 53.
Rxa3 Bg3 54. Ra6 Bxf4 55. Rxg6 Ke7 56. Ke2 h4 57. Kf3 Be5 58. Rh6 1-0